Engineering design / (Record no. 171113)

MARC details
000 -LEADER
fixed length control field 00789nam a22002537a 4500
003 - CONTROL NUMBER IDENTIFIER
control field OSt
005 - DATE AND TIME OF LATEST TRANSACTION
control field 20241204103534.0
008 - FIXED-LENGTH DATA ELEMENTS--GENERAL INFORMATION
fixed length control field 241204b |||||||| |||| 00| 0 eng d
020 ## - INTERNATIONAL STANDARD BOOK NUMBER
International Standard Book Number 9781510481398 (paperback)
040 ## - CATALOGING SOURCE
Original cataloging agency NUST
Language of cataloging eng
Transcribing agency NUST
Modifying agency NUST
Description conventions rda
050 ## - LIBRARY OF CONGRESS CALL NUMBER
Classification number TA174 ADA
100 ## - MAIN ENTRY--PERSONAL NAME
Personal name Adams, Jonathan
Relator term Author
245 ## - TITLE STATEMENT
Title Engineering design /
Statement of responsibility, etc. Jonathan Adams
260 ## - PUBLICATION, DISTRIBUTION, ETC.
Place of publication, distribution, etc. London :
Name of publisher, distributor, etc. Hodder Education,
Date of publication, distribution, etc. 2020
300 ## - PHYSICAL DESCRIPTION
Extent 263 pages :
Other physical details Includes index.
Dimensions 28 cm.
336 ## - CONTENT TYPE
Source rdamedia
Content type term text
Content type code txt
337 ## - MEDIA TYPE
Source rdamedia
Media type term unmediated
Media type code n
338 ## - CARRIER TYPE
Source rdamedia
Carrier type term volume
Carrier type code nc
504 ## - BIBLIOGRAPHY, ETC. NOTE
Bibliography, etc. note Includes index.
650 ## - SUBJECT ADDED ENTRY--TOPICAL TERM
Form subdivision Engineering design.
700 ## - ADDED ENTRY--PERSONAL NAME
Personal name Reynolds, Alex
Relator term Author
700 ## - ADDED ENTRY--PERSONAL NAME
Personal name Valentine, Peter
Relator term Author
942 ## - ADDED ENTRY ELEMENTS (KOHA)
Source of classification or shelving scheme Library of Congress Classification
Koha item type Ordinary Loan Books
Classification part TA174 ADA
Call number prefix TA
Call number suffix ADA
Suppress in OPAC No
Holdings
Withdrawn status Lost status Source of classification or shelving scheme Damaged status Not for loan Collection Home library Current library Shelving location Date acquired Source of acquisition Cost, normal purchase price Total Checkouts Full call number Barcode Date last seen Accession number Cost, replacement price Price effective from Koha item type Public note
    LCC     NFIC MAIN MAIN GEN 12/04/2024 Book Aid International 20.00   TA174 ADA 92004053030 12/04/2024 59978 20.00 12/04/2024 BOOKS Donation
    LCC     NFIC MAIN MAIN GEN 12/04/2024 Book Aid International 20.00   TA174 ADA 92004053025 12/04/2024 59979 20.00 12/04/2024 BOOKS Donation
    LCC     NFIC MAIN MAIN GEN 12/04/2024 Book Aid International 20.00   TA174 ADA 92004052956 12/04/2024 59980 20.00 12/04/2024 BOOKS